[Event "Online Olym Div2 C"]
[Site "Chess.com INT"]
[Date "2021.09.02"]
[Round "1.1"]
[White "Premanath, Dinushki"]
[Black "Tarasenka, Aliaksandra"]
[Result "0-1"]
[WhiteElo "1793"]
[BlackElo "2124"]
[PlyCount "144"]
[EventDate "2021.09.02"]
[EventType "team (rapid)"]
[EventRounds "9"]
[EventCountry "USA"]
[SourceTitle "CBM 204 Extra"]
[Source "ChessBase"]
[SourceDate "2021.11.30"]
[SourceVersion "1"]
[SourceVersionDate "2021.11.30"]
[SourceQuality "1"]
[WhiteTeam "Sri Lanka"]
[BlackTeam "Belarus"]
[WhiteTeamCountry "SRI"]
[BlackTeamCountry "BLR"]

1. e4 c5 2. Nc3 Nc6 3. g3 g6 4. Bg2 Bg7 5. d3 e6 6. Be3 d6 7. Qd2 Rb8 8. Nge2 Nd4 9. 0-0 Ne7 10. Nd1 0-0 11. c3 Nxe2+ 12. Qxe2 Nc6 13. f4 Qe7 14. Qf2 b6 15. f5 Qf6 16. Qd2 exf5 17. exf5 Bb7 18. Bg5 Qe5 19. Ne3 f6 20. Ng4 Qe7 21. Bh6 Ne5 22. Nxe5 dxe5 23. Bxg7 Kxg7 24. fxg6 hxg6 25. Bxb7 Qxb7 26. Qg2 Qd7 27. Rad1 Rbd8 28. Rfe1 Qa4 29. b3 Qb5 30. Qf3 Qd7 31. Rd2 Qd5 32. Kg2 Rf7 33. Red1 Qe6 34. Kg1 Rfd7 35. Qe3 Qd5 36. Qf2 f5 37. Qg2 Qe6 38. Qf2 Qd5 39. Qg2 e4 40. d4 c4 41. bxc4 Qxc4 42. Rc2 e3 43. Qf3 Re7 44. Re1 Rde8 45. Kg2 e2 46. Kf2 Re3 47. Qxe3 Rxe3 48. Kxe3 Qe6+ 49. Kf2 Qc6 50. Rexe2 Qh1 51. Ke3 Qg1+ 52. Kd2 Qh1 53. Kd3 Qf3+ 54. Kd2 Kf6 55. Kc1 a5 56. Kb2 Qd5 57. Re5 Qc4 58. Rce2 a4 59. h4 a3+ 60. Kc2 Qxa2+ 61. Kd3 Qb1+ 62. Kc4 a2 63. Re6+ Kg7 64. Re7+ Kh6 65. Re8 a1Q 66. R2e7 Qa4+ 67. Kd5 Qbb5+ 68. Ke6 Qxe8 69. Rxe8 Qxe8+ 70. Kd6 Qe3 71. Kc6 Qxc3+ 72. Kxb6 Qxd4+ 0-1

[Event "Titled Tuesday intern op 31st Aug"]
[Site "Chess.com INT"]
[Date "2021.08.31"]
[Round "7"]
[White "Malicka, Maria"]
[Black "Premanath, Dinushki"]
[Result "1-0"]
[WhiteElo "2311"]
[BlackElo "1793"]
[PlyCount "63"]
[EventDate "2021.08.31"]
[EventType "swiss (blitz)"]
[EventRounds "11"]
[EventCountry "USA"]
[SourceTitle "EXT 2022"]
[Source "ChessBase"]
[SourceDate "2021.10.06"]
[SourceVersion "1"]
[SourceVersionDate "2021.10.06"]
[SourceQuality "1"]

1. e4 c5 2. Nf3 e6 3. d4 cxd4 4. Nxd4 a6 5. Nc3 Qc7 6. Be3 Nf6 7. Qf3 Bb4 8. Bd3 Bxc3+ 9. bxc3 Qxc3+ 10. Ke2 Nc6 11. Nxc6 dxc6 12. Qg3 Nh5 13. Qg5 g6 14. g4 Ng7 15. Qh6 Bd7 16. h4 0-0-0 17. Rab1 Ne8 18. Rb3 Qe5 19. f4 Qf6 20. g5 Qg7 21. Qxg7 Nxg7 22. Rhb1 b5 23. a4 Nh5 24. axb5 cxb5 25. Kf3 Bc6 26. c4 e5 27. cxb5 axb5 28. Rc3 Kb7 29. Bxb5 Bxb5 30. Rxb5+ Ka6 31. Rb6+ Ka5 32. Ra3# 1-0

[Event "Titled Tuesday intern op 31st Aug"]
[Site "Chess.com INT"]
[Date "2021.08.31"]
[Round "6"]
[White "Premanath, Dinushki"]
[Black "Ashiev, Eduard"]
[Result "1-0"]
[WhiteElo "1793"]
[BlackElo "2202"]
[PlyCount "111"]
[EventDate "2021.08.31"]
[EventType "swiss (blitz)"]
[EventRounds "11"]
[EventCountry "USA"]
[SourceTitle "EXT 2022"]
[Source "ChessBase"]
[SourceDate "2021.10.06"]
[SourceVersion "1"]
[SourceVersionDate "2021.10.06"]
[SourceQuality "1"]

1. e4 e5 2. Nf3 Nc6 3. Bb5 Nge7 4. 0-0 g6 5. c3 Bg7 6. d4 exd4 7. cxd4 d5 8. e5 0-0 9. Nc3 Bg4 10. Be3 f6 11. exf6 Bxf6 12. Be2 Bg7 13. h3 Bf5 14. Ng5 h6 15. Nf3 Kh7 16. Bd3 Qd7 17. Bxf5 Nxf5 18. Rc1 Rae8 19. Qb3 Ncxd4 20. Nxd4 Nxd4 21. Bxd4 Bxd4 22. Qxd5 Qxd5 23. Nxd5 c6 24. Nc3 Kg7 25. Rcd1 c5 26. Nb5 Rd8 27. Nxd4 cxd4 28. Rfe1 Kf6 29. Re4 d3 30. Re3 d2 31. Re2 Rd4 32. Rexd2 Rxd2 33. Rxd2 Ke6 34. Kf1 Rc8 35. Ke2 Rc1 36. g3 h5 37. h4 a6 38. a3 b5 39. Kf3 Rc4 40. Re2+ Kf5 41. Re8 Rc2 42. Re2 Rc4 43. Rd2 Ke5 44. Kg2 Rc1 45. f3 Kf5 46. Rd5+ Ke6 47. Rd2 Ke5 48. Kf2 Rh1 49. Ke2 Rh2+ 50. Ke3 Rh1 51. Rd8 Rh2 52. b4 Ra2 53. Re8+ Kf5 54. Rf8+ Ke5 55. Rg8 Kf6 56. Rf8+ 1-0

[Event "Titled Tuesday intern op 31st Aug"]
[Site "Chess.com INT"]
[Date "2021.08.31"]
[Round "8"]
[White "Premanath, Dinushki"]
[Black "Novikova, Galina"]
[Result "0-1"]
[WhiteElo "1793"]
[BlackElo "2073"]
[PlyCount "92"]
[EventDate "2021.08.31"]
[EventType "swiss (blitz)"]
[EventRounds "11"]
[EventCountry "USA"]
[SourceTitle "EXT 2022"]
[Source "ChessBase"]
[SourceDate "2021.10.06"]
[SourceVersion "1"]
[SourceVersionDate "2021.10.06"]
[SourceQuality "1"]

1. e4 e6 2. d4 d5 3. Nc3 Bb4 4. e5 c5 5. a3 Bxc3+ 6. bxc3 Ne7 7. Qg4 Kf8 8. Bd2 Qa5 9. Nf3 Qa4 10. Be2 Nbc6 11. 0-0 b6 12. Ra2 Ba6 13. Bxa6 Qxa6 14. Ng5 Qc4 15. Raa1 h6 16. Nf3 Nf5 17. Be3 Qxc3 18. dxc5 bxc5 19. Rab1 d4 20. Bf4 Re8 21. Rb7 Nce7 22. Rc7 Nd5 23. Rxa7 Nxf4 24. Qxf4 g5 25. Qe4 Kg7 26. h4 gxh4 27. Nxh4 Nxh4 28. Qxh4 Kf8 29. Qh5 Rh7 30. Rd1 Qxc2 31. Kh2 Rg7 32. Qxh6 Qh7 33. Qxh7 Rxh7+ 34. Kg1 Rh5 35. Rc7 Rxe5 36. Rc1 Ra8 37. R7xc5 Rxc5 38. Rxc5 Rxa3 39. Kf1 Ke7 40. Ke2 Kd6 41. Rc1 e5 42. f3 Kd5 43. g4 Ra2+ 44. Ke1 Rh2 45. Rc8 d3 46. Rd8+ Kc4 0-1

[Event "Titled Tuesday intern op 31st Aug"]
[Site "Chess.com INT"]
[Date "2021.08.31"]
[Round "11"]
[White "Provaznik, Michal"]
[Black "Premanath, Dinushki"]
[Result "1-0"]
[WhiteElo "2127"]
[BlackElo "1793"]
[PlyCount "69"]
[EventDate "2021.08.31"]
[EventType "swiss (blitz)"]
[EventRounds "11"]
[EventCountry "USA"]
[SourceTitle "EXT 2022"]
[Source "ChessBase"]
[SourceDate "2021.10.06"]
[SourceVersion "1"]
[SourceVersionDate "2021.10.06"]
[SourceQuality "1"]

1. b3 d5 2. Bb2 Nc6 3. f4 Nf6 4. Nf3 Bg4 5. e3 e6 6. Bb5 Bd6 7. 0-0 a6 8. Bxc6+ bxc6 9. d3 c5 10. Nbd2 0-0 11. Qe1 Rb8 12. Qg3 Bf5 13. Ne5 c4 14. Nc6 Qc8 15. Bxf6 Bg6 16. Nxb8 Qxb8 17. Bc3 cxd3 18. cxd3 f6 19. e4 dxe4 20. Nxe4 Qb5 21. Nxd6 cxd6 22. d4 Rc8 23. Rac1 Qd5 24. Bb2 Re8 25. Qc3 Be4 26. Rf2 h6 27. Qc4 Qa5 28. Bc3 Qh5 29. Bb4 d5 30. Qxa6 g5 31. fxg5 hxg5 32. Qc6 Kg7 33. Qd7+ Kh6 34. Rxf6+ Bg6 35. Qxe8 1-0

[Event "Asian Online (Women)"]
[Site "Tornelo INT"]
[Date "2021.08.23"]
[Round "1"]
[White "Sihite, Chelsie Monica"]
[Black "Premanath, Dinushki"]
[Result "1-0"]
[WhiteElo "2252"]
[BlackElo "1793"]
[PlyCount "91"]
[EventDate "2021.08.23"]
[EventType "swiss (rapid)"]
[EventRounds "9"]
[EventCountry "NET"]
[SourceTitle "CBM 204 Extra"]
[Source "ChessBase"]
[SourceDate "2021.11.30"]
[SourceVersion "1"]
[SourceVersionDate "2021.11.30"]
[SourceQuality "1"]

1. e4 c5 2. Nf3 e6 3. Nc3 a6 4. a4 Nc6 5. Be2 d5 6. exd5 exd5 7. d4 c4 8. 0-0 Be7 9. Ne5 Nf6 10. Nxc6 bxc6 11. Bf4 0-0 12. b3 cxb3 13. cxb3 Bd6 14. Bxd6 Qxd6 15. a5 Qb4 16. Qd2 Bf5 17. Bd1 Rfe8 18. Ra2 Rab8 19. f3 h6 20. Na4 Qxd2 21. Rxd2 Rb5 22. Nc5 Rxa5 23. Nb7 Ra3 24. Nd6 Bd7 25. Nxe8 Nxe8 26. Re1 Be6 27. Rc2 Rxb3 28. Rxc6 Ra3 29. Bc2 Nf6 30. Rb1 Kf8 31. Rb8+ Ke7 32. Ra8 a5 33. Rc5 Ra1+ 34. Kf2 Nd7 35. Rcxa5 Rc1 36. Bb3 Rb1 37. Bxd5 Rb2+ 38. Kg3 Nb6 39. R8a7+ Kf6 40. Bxe6 fxe6 41. Rb7 Rb4 42. Raa7 g5 43. Rf7+ Kg6 44. Rg7+ Kh5 45. Rab7 Rb2 46. Kh3 1-0

[Event "Asia zt 3.2 (Women)"]
[Site "Dhaka"]
[Date "2019.03.22"]
[Round "8"]
[White "Premanath, Dinushki"]
[Black "Israt, Jahan Diba"]
[Result "1-0"]
[WhiteElo "1863"]
[BlackElo "1399"]
[PlyCount "37"]
[EventDate "2019.03.15"]
[EventType "swiss"]
[EventRounds "9"]
[EventCountry "BAN"]
[SourceTitle "CBM 189 Extra"]
[Source "ChessBase"]
[SourceDate "2019.05.31"]
[SourceVersion "1"]
[SourceVersionDate "2019.05.31"]
[SourceQuality "1"]

1. e4 c5 2. Nc3 a6 3. a4 Nc6 4. g3 g6 5. Bg2 Bg7 6. d3 d6 7. Be3 Bd7 8. Qd2 Nf6 9. Nge2 0-0 10. Bh6 Qa5 11. 0-0 Rab8 12. Kh1 Nd4 13. Bxg7 Kxg7 14. f4 Bg4 15. Ng1 Bd7 16. h3 Qb4 17. Qc1 b5 18. axb5 Nxb5 19. Ra4 1-0